NFL MVPs - Statistics

General Stats
  • This quiz has been taken 27 times
  • The average score is 27 of 36
Answer Stats
Hint Answer % Correct
2017 Tom Brady
100%
2010 Tom Brady
100%
2007 Tom Brady
100%
2013 Peyton Manning
95%
2009 Peyton Manning
95%
2008 Peyton Manning
95%
2004 Peyton Manning
95%
2003 Peyton Manning
95%
2024 Josh Allen
91%
2025 Matthew Stafford
91%
2022 Patrick Mahomes
91%
2018 Patrick Mahomes
91%
2021 Aaron Rodgers
82%
2020 Aaron Rodgers
82%
2014 Aaron Rodgers
82%
2011 Aaron Rodgers
82%
2023 Lamar Jackson
82%
2019 Lamar Jackson
82%
1997 Brett Favre
77%
1996 Brett Favre
77%
1995 Brett Favre
77%
1990 Joe Montana
77%
2015 Cam Newton
73%
2016 Matt Ryan
73%
1994 Steve Young
73%
1992 Steve Young
73%
2012 Adrian Peterson
64%
1993 Emmitt Smith
59%
2001 Kurt Warner
50%
1999 Kurt Warner
50%
2006 LaDainian Tomlinson
45%
2005 Shaun Alexander
41%
2000 Marshall Faulk
36%
1998 Terrell Davis
32%
1991 Thurman Thomas
27%
2002 Rich Gannon
18%
No matching quizzes found
Score Distribution
Percent of People with Each Score
Percentile by Number Answered
Your Score History
You have not taken this quiz